載入...
Media policy and nation building
| 主要作者: | |
|---|---|
| 格式: | Printed Book |
| 語言: | Undetermined English |
| 出版: |
New Delhi
Concept Publishing Company
1996
|
| 版: | 1 |
| 主題: |
| LEADER | 00611nam a2200205Ia 4500 | ||
|---|---|---|---|
| 008 | 140306s9999 xx 000 0 und d | ||
| 020 | |a 81 7822 5906 | ||
| 041 | |a eng | ||
| 082 | |a 301 |b GUP/ME | ||
| 100 | |a Gupta, V S | ||
| 245 | |a Media policy and nation building | ||
| 250 | |a 1 | ||
| 260 | |a New Delhi |b Concept Publishing Company |c 1996 | ||
| 300 | |a 144 | ||
| 365 | |b Rs .250 | ||
| 650 | |a media codes | ||
| 650 | |a Media policy | ||
| 942 | |2 ddc |c BK | ||
| 999 | |c 185711 |d 185711 | ||
| 952 | |0 0 |1 0 |2 ddc |4 0 |6 301_000000000000000_GUP_ME |7 0 |9 191606 |a KAUCBV |b KAUCBV |d 2004-11-03 |g 250.00 |o 301 GUP/ME |r 2014-03-22 |w 2014-03-22 |y BK | ||